Art deco and modernist ceramics.
| Main Author: | |
|---|---|
| Format: | Book |
| Published: |
London:
Thames and Hudson,
1995.
|
| Subjects: |
| LEADER | 00495cam a2200181 7i4500 | ||
|---|---|---|---|
| 001 | 0000004461 | ||
| 005 | 19991025090000.0 | ||
| 002 | ##000005959 | ||
| 020 | 0 | 0 | |a 0-500-01669-0 |
| 090 | 0 | 0 | |a DE 738 |b MCC |
| 100 | 0 | 0 | |a McCready, Karen |
| 245 | 0 | 0 | |a Art deco and modernist ceramics. |
| 260 | 0 | 0 | |a London: |b Thames and Hudson, |c 1995. |
| 300 | 0 | 0 | |a 192 p.. |
| 650 | 0 | 0 | |a Ceramics |
| 650 | 0 | 0 | |a Designs -- |x Ceramics |
| 650 | 0 | 0 | |a Ceramic sculpture |
| 999 | |a 0000006538 |b Book |c Open shelf |e Business Information Centre | ||


